000 00616nam a2200265Ia 4500
005 20260306163455.0
008 008 260114s9999 xx 000 0 eng d
020 _a9781452945842
037 _aEBOOK
040 _aCRL
040 _beng
040 _cCRL
041 _2eng
041 _aeng
084 _qCRL
100 _aBurgoyne
_91128704
245 0 _aFilm Nation
260 _bMinnesota Scholarship Online
260 _c2015
650 _aJournalism & Mass Communication
856 _uhttps://academic.oup.com/book/15022
942 _cEBOOK
999 _c1710244
_d1710244